Abstract MMXVII,Columbia GSAPP 2017 (Record no. 607960)

000 -LEADER
fixed length control field 00769nam a22002177a 4500
003 - CONTROL NUMBER IDENTIFIER
control field OSt
005 - DATE AND TIME OF LATEST TRANSACTION
control field 20240221101825.0
008 - FIXED-LENGTH DATA ELEMENTS--GENERAL INFORMATION
fixed length control field 191203t xxu||||| |||| 00| 0 eng d
020 ## - INTERNATIONAL STANDARD BOOK NUMBER
International Standard Book Number 9781941332405
040 ## - CATALOGING SOURCE
Transcribing agency SADA
082 ## - DEWEY DECIMAL CLASSIFICATION NUMBER
Classification number 720.7117471
Author Mark ABS
245 00 - TITLE STATEMENT
Title Abstract MMXVII,Columbia GSAPP 2017
260 ## - PUBLICATION, DISTRIBUTION, ETC.
Place of publication, distribution, etc. New York:
Name of publisher, distributor, etc. Columbia University;
Date of publication, distribution, etc. 2017.
300 ## - PHYSICAL DESCRIPTION
Extent 340p.:
Other physical details ill;
Dimensions 28 cm.
650 ## - SUBJECT ADDED ENTRY--TOPICAL TERM
Topical term or geographic name entry element Schools of architecture
Geographic subdivision New York
9 (RLIN) 120977
650 ## - SUBJECT ADDED ENTRY--TOPICAL TERM
Topical term or geographic name entry element Architecture--Study and teaching (Graduate)
9 (RLIN) 120980
650 ## - SUBJECT ADDED ENTRY--TOPICAL TERM
Topical term or geographic name entry element Columbia University. Graduate School of Architecture, Planning, and Preservation
9 (RLIN) 120978
710 1# - ADDED ENTRY--CORPORATE NAME
Corporate name or jurisdiction name as entry element Andraos,Amale
9 (RLIN) 120979
942 ## - ADDED ENTRY ELEMENTS (KOHA)
Source of classification or shelving scheme
Koha item type Reference
Institution code [OBSOLETE] SADA
Call number prefix REF 720.7117471 ABS 2017
Holdings
Withdrawn status Lost status Source of classification or shelving scheme Damaged status Not for loan Permanent Location Current Location Date acquired Source of acquisition Total Checkouts Full call number Barcode Date last seen Cost, replacement price Price effective from Koha item type
          School of Art Design and Architecture (SADA) School of Art Design and Architecture (SADA) 11/22/2019 Golden Books   REF 720.7117471 ABS 2017 SADA0002838 02/21/2024 4915.55 02/21/2024 Reference
© 2023 Central Library, National University of Sciences and Technology. All Rights Reserved.